<A> Generalization of Toussaint's Theorems

Guardado en:
Detalles Bibliográficos
Autor principal: Tarafdar, E.
Otros Autores: Mehta, G.
Formato: Libro
Lenguaje:inglés
Publicado: Brisbane University of Queensland 1985
Edición:1. ed.
Colección:Working Paper No.52
Etiquetas: Agregar Etiqueta
Sin Etiquetas, Sea el primero en etiquetar este registro!

MARC

LEADER 00000nam a2200000 4500
001 c025552
005 20221207071857.5
041 0 |a eng 
044 |a AU 
245 1 0 |a <A> Generalization of Toussaint's Theorems  |c E. Tarafdar, G. Mehta 
250 |a 1. ed. 
264 1 |a Brisbane  |b University of Queensland  |c 1985 
300 |a 22 s. 
490 1 |a Working Paper  |v No.52 
830 0 |a Working Paper  |v No.52 
100 1 |a Tarafdar, E. 
700 1 |a Mehta, G.